World shipping and port development

Αποθηκεύτηκε σε:
Λεπτομέρειες βιβλιογραφικής εγγραφής
Άλλοι συγγραφείς: Lee, Tae-Woo (Επιμελητής έκδοσης), Cullinane, Kevin (Επιμελητής έκδοσης)
Μορφή: Βιβλίο
Γλώσσα:English
Δημοσίευση: New York : Palgrave Macmillan, 2005
Θέματα:
Ετικέτες: Προσθήκη ετικέτας
Δεν υπάρχουν, Καταχωρήστε ετικέτα πρώτοι!

MARC

LEADER 00000nam a2200000 i 4500
001 1/49613
008 070912s2005 eng d
020 |a 978-1-4039-4753-6 
020 |a 1-4039-4753-8 
035 |l 10089233 
040 |a GR-MY-UA  |b gre  |e aacr 
041 0 |a eng 
082 0 |a 387  |2 (22) 
245 1 0 |a World shipping and port development /  |c edited by Tae-Woo Lee and Kevin Cyllinane 
260 |a New York :   |b Palgrave Macmillan,   |c 2005 
300 |a xviii, 252 σ.;  |b πιν., διαγρ.;  |c 23 εκ. 
504 |a Περιλαμβάνει βιβλιογραφικές αναφορές και ευρετήριο 
650 0 0 |a Shipping. 
650 0 0 |a Harbors. 
700 1 |a Lee, Tae-Woo.  |4 edt 
700 1 |a Cullinane, Kevin.  |4 edt 
852 |a INST  |b CHIOS  |e 20070730  |h 387 WOR  |p 005200025836  |q 005200025836  |t BK  |y 0 
901 |a BIBL2-2007-3 
909 |a Χ  |b 136994 
922 |a 2ΕΛΗ  |b 200707  |c ΤΝΕΥ  |d ΠΑΠΑΣΩΤΗΡΙΟΥ 
970 |a ΑΤΣΑΛΗ  |b ΔΕΣΠΟΙΝΑ  |z 2007/09/12